|
|
|
|
| LEADER |
00000nam0a2200000 4500 |
| 001 |
341993 |
| 005 |
20231102005414.0 |
| 010 |
|
|
|a 5211046692
|
| 010 |
|
|
|a 5-02-033595-9
|
| 035 |
|
|
|a (RuTPU)RU\TPU\book\370440
|
| 035 |
|
|
|a RU\TPU\book\99254
|
| 090 |
|
|
|a 341993
|
| 100 |
|
|
|a 20181121d2004 m y0rusy5003 ca
|
| 101 |
0 |
|
|a rus
|
| 102 |
|
|
|a RU
|
| 105 |
|
|
|a a j 001zy
|
| 200 |
1 |
|
|a Основы учения об антибиотиках
|e учебник для вузов
|f Н. С. Егоров
|g Московский государственный университет им. М. В. Ломоносова (МГУ)
|
| 205 |
|
|
|a 6-е изд., перераб. и доп.
|
| 210 |
|
|
|a Москва
|c Изд-во МГУ
|c Наука
|d 2004
|
| 215 |
|
|
|a 526 с.
|c ил.
|
| 225 |
1 |
|
|a Классический университетский учебник
|
| 320 |
|
|
|a Библиогр.: с. 501
|
| 320 |
|
|
|a Указ. антибиотиков: с. 502-507
|
| 330 |
|
|
|a В учебнике рассмотрены основные принципы и новые методы выделения продуцентов антибиотиков, условия их биосинтеза и генетического контроля за процессом. Уделено внимание основам промышленного получения этих биологически активных соединений, применению их в медицине, сельском хозяйстве и пищевой промышленности, экологическим аспектам, связанным с получением и использованием антибиотиков. В 6-м издании (5-е вышло в 1994 г.) приведена новая классификация антибиотических веществ по их химическому строению, расширены и дополнены новыми данными практически все разделы, и особенно те, которые посвящены механизму действия, проблеме резистентности микроорганизмов, модификации антибиотических веществ, рассмотрению группы макролидов и ее новых представителей - азалидов, авермектинов. Для студентов и аспирантов, обучающихся по специальностям "Микробиология", "Биотехнология", "Биохимия", "Биология".
|
| 606 |
1 |
|
|a Антибиотики
|2 stltpush
|3 (RuTPU)RU\TPU\subj\29207
|9 52591
|
| 610 |
1 |
|
|a биология
|
| 610 |
1 |
|
|a образование
|
| 610 |
1 |
|
|a классификация
|
| 610 |
1 |
|
|a биологическое действие
|
| 610 |
1 |
|
|a биосинтез
|
| 610 |
1 |
|
|a получение
|
| 610 |
1 |
|
|a учебники
|
| 675 |
|
|
|a 577.15/.19(075.8)
|z rus
|
| 700 |
|
1 |
|a Егоров
|b Н. С.
|g Николай Сергеевич
|
| 712 |
0 |
2 |
|a Московский государственный университет им. М. В. Ломоносова (МГУ)
|2 stltpush
|3 (RuTPU)RU\TPU\col\7
|
| 801 |
|
0 |
|a RU
|b 63413507
|c 19950413
|g psbo
|
| 801 |
|
1 |
|a RU
|b 63413507
|c 20060316
|g PSBO
|
| 801 |
|
2 |
|a RU
|b 63413507
|c 20181212
|g PSBO
|
| 942 |
|
|
|c BK
|